Semantics
| Titel: | Semantics / John Lyons |
|---|---|
| Verfasser: | |
| Veröffentlicht: | Cambridge [u.a.] : Cambridge Univ. Press |
| Format: | Mehrteiliges Werk |
| Sprache: | Englisch |
| Bände: |
alle Bände anzeigen
|
X
alg: 941039
001A $00030:16-11-87
001B $03004:12-11-25 $t16:49:03.000
001C $00017:02-06-08 $t14:44:01.000
001D $09999:99-99-99
001U $0utf8
001X $00
002@ $0Acu
003@ $0009410392
003O $0301532705 $aOCoLC
007A $0009410392 $aHEB
010@ $aeng
013H $0z
021A $aSemantics $hJohn Lyons
028A $#Lyons, John $#Lyons, J. $#Lajonz, Džon $#Lāīnz, Ǧān $7119310732 $8Lyons, John$Z1932-2020 [Tp1] $9087650568
033A $pCambridge {[u.a.] $nCambridge Univ. Press
044K $#Semantics $#General semantics $#Sémantique $#Sémantique générale $#Semántica general $#Semantik $#Semantik $#Bedeutungslehre $#Allgemeine Semantik $#Allgemeinsemantik $74054490-4 $8Semantik [Ts1] $9085151610
045B $a410 $ALoC $eDDCoclc
045B $a412 $eDDCoclc
045G $a417.709181 $eDDC23BSB
045G/01 $a417.7
045G/03 $g181
lok: 941039 3
101B $018-07-12 $t10:55:39.000
101U $0utf8
145S/11 $alin
exp: 941039 3 1 #EPN
201B/01 $012-03-97 $t09:24:00.843
203@/01 $0108512193
208@/01 $a20-02-97 $bdummy
201U/01 $0utf8
lok: 941039 8
exp: 941039 8 1 #EPN
201B/01 $015-03-04 $t20:51:46.000
203@/01 $0210849126
208@/01 $a15-03-04 $bdummy
201U/01 $0utf8
lok: 941039 23
exp: 941039 23 1 #EPN
201B/01 $020-02-97 $t14:04:03.617
203@/01 $0108512215
208@/01 $a20-02-97 $bdummy
201U/01 $0utf8
lok: 941039 24
exp: 941039 24 1 #EPN
201B/01 $012-11-25 $t16:23:55.000
201C/01 $012-11-25
201U/01 $0utf8
203@/01 $01322500797
208@/01 $a12-11-25 $bda
209B/01 $aFortsetzung abgeschlossen (050) $x09
220C/01 $ajwa
lok: 941039 25
exp: 941039 25 1 #EPN
201B/01 $029-04-98 $t14:32:51.327
203@/01 $0121185761
208@/01 $a29-04-98 $bdummy
201U/01 $0utf8
lok: 941039 204
exp: 941039 204 1 #EPN
201B/01 $013-08-00 $t14:00:38.495
203@/01 $0145296210
208@/01 $a13-08-00 $bdummy
201U/01 $0utf8
lok: 941039 205
exp: 941039 205 1 #EPN
201B/01 $020-02-97 $t14:04:03.776
203@/01 $0108512223
208@/01 $a20-02-97 $bdummy
201U/01 $0utf8
| LEADER | 00000cam a2200000 ca4500 | ||
|---|---|---|---|
| 001 | 009410392 | ||
| 003 | DE-603 | ||
| 005 | 20251112164903.0 | ||
| 007 | tu | ||
| 008 | 871116s xx |||| | u00||u|eng c | ||
| 035 | |a (DE-599)HEB009410392 | ||
| 035 | |a (OCoLC)301532705 | ||
| 040 | |a DE-603 |b ger |c DE-603 |d DE-603 | ||
| 041 | |a eng | ||
| 082 | 7 | |8 2\p |a 410 |2 oc/lc | |
| 083 | 0 | |8 1\u |a 417.709181 |q DE-101 |2 23/BSB | |
| 083 | 7 | |a 412 |2 oc/lc | |
| 085 | |8 1\u |b 417.7 | ||
| 085 | |8 1\u |z 2 |s 181 | ||
| 100 | 1 | |a Lyons, John |d 1932-2020 |0 (DE-603)087650568 |0 (DE-588)119310732 |2 gnd | |
| 245 | 0 | 0 | |a Semantics |c John Lyons |
| 264 | 1 | |a Cambridge [u.a.] |b Cambridge Univ. Press | |
| 650 | 7 | |a Semantik |0 (DE-588)4054490-4 |0 (DE-603)085151610 |2 gnd | |
| 883 | 0 | |8 2\p |q LoC | |
| 924 | 0 | |9 603 |a (DE-603)108512193 |b DE-603 |c HES |d d | |
| 924 | 0 | |9 603 |a (DE-603)210849126 |b DE-603 |c HES |d d | |
| 924 | 0 | |9 603 |a (DE-603)108512215 |b DE-603 |c HES |d d | |
| 924 | 0 | |9 603 |a (DE-603)1322500797 |b DE-603 |c HES |d d | |
| 924 | 0 | |9 603 |a (DE-603)121185761 |b DE-603 |c HES |d d | |
| 924 | 0 | |9 603 |a (DE-603)145296210 |b DE-603 |c HES |d d | |
| 924 | 0 | |9 603 |a (DE-603)108512223 |b DE-603 |c HES |d d | |


